000
00300nam a2200133Ia 4500
100
_a
Fairhead harry
942
_c
BK
654
_a
A Power users guide
245
_a
The 386/486 PC A Power users guide
260
_b
B.P.B. Pub
_a
New Delhi
_c
1991
300
_a
275
546
_a
ENGLISH
999
_c
34153
_d
34153